| 000 | 00396cam a22001097a 4500 | ||
|---|---|---|---|
| 008 | 180718b1989 xxu||||| |||| 00| 0 eng d | ||
| 082 | _aYA5375x54 In2w | ||
| 245 |
_aReport of the working group eighth five year plan (1990-95) : electronics industry _cby Department of Electronics, India |
||
| 260 |
_a _bDepartment of Electronics _c1989 |
||
| 300 | _a179p. | ||
| 700 | _aIndia.Department of Electronics | ||
| 999 |
_c499263 _d499263 |
||